Common formative assessments : (Record no. 142604)

MARC details
000 -LEADER
fixed length control field 00867cam a22002534a 4500
008 - FIXED-LENGTH DATA ELEMENTS--GENERAL INFORMATION
fixed length control field
020 ## - INTERNATIONAL STANDARD BOOK NUMBER
International Standard Book Number 9781412915786 (pbk.)
049 ## - LOCAL HOLDINGS (OCLC)
Holding library MAIN
090 0# - LOCALLY ASSIGNED LC-TYPE CALL NUMBER (OCLC); LOCAL CALL NUMBER (RLIN)
Classification number (OCLC) (R) ; Classification number, CALL (RLIN) (NR) LB3060.83
Local cutter number (OCLC) ; Book number/undivided call number, CALL (RLIN) AIN
003 - CONTROL NUMBER IDENTIFIER
control field
005 - DATE AND TIME OF LATEST TRANSACTION
control field 20230123125511.0
040 ## - CATALOGING SOURCE
Transcribing agency NUST
100 1# - MAIN ENTRY--PERSONAL NAME
Personal name Ainsworth, Larry.
245 10 - TITLE STATEMENT
Title Common formative assessments :
Remainder of title how to connect standards-based instruction and assessment /
Statement of responsibility, etc. Larry Ainsworth and Donald Viegut.
260 ## - PUBLICATION, DISTRIBUTION, ETC.
Place of publication, distribution, etc. Thousand Oaks :
Name of publisher, distributor, etc. Corwin Press,
Date of publication, distribution, etc. 2006.
300 ## - PHYSICAL DESCRIPTION
Extent xviii, 164 p. :
Other physical details ill. ;
Dimensions 26 cm.
504 ## - BIBLIOGRAPHY, ETC. NOTE
Bibliography, etc. note Includes bibliographical references.
500 ## - GENERAL NOTE
General note includes index.
650 #0 - SUBJECT ADDED ENTRY--TOPICAL TERM
Topical term or geographic name entry element Education
General subdivision Standards
Geographic subdivision United States.
650 #0 - SUBJECT ADDED ENTRY--TOPICAL TERM
Topical term or geographic name entry element Educational tests and measurements
Geographic subdivision United States.
700 1# - ADDED ENTRY--PERSONAL NAME
Personal name Viegut, Donald.
907 ## - LOCAL DATA ELEMENT G, LDG (RLIN)
a .b10324914
b 16-01-13
c 12-12-12
942 ## - ADDED ENTRY ELEMENTS (KOHA)
Koha item type Ordinary Loan Books
Call number prefix LB3060.83
Call number suffix AIN
Holdings
Date last seen Total Checkouts Full call number Barcode Cost, replacement price Price effective from Koha item type Lost status Source of classification or shelving scheme Damaged status Not for loan Collection Withdrawn status Home library Current library Shelving location Date acquired Cost, normal purchase price
01/23/2023 1 LB3060.83 AIN 92004032754 80.00 01/23/2023 BOOKS   LCC     NFIC   MAIN MAIN GEN 01/23/2023 80.00